000 00649cam a2200193 a 4500
001 000005889
005 20200929151828.0
008 911210s1973 ve b 001 0 spa
040 _aDO-SdBNP
_cPU
_dOCoLC
_dDLC
082 _a928.6
_bR695P
100 1 _aPereda, Clemente,
_d1903-
_916598
245 1 0 _aMagna patria :
_bRodó, su vida y su obra /
_cClemente Pereda.
260 _aCaracas :
_bUniversitaria,
_c1973.
300 _a310 p. ;
_c23 cm.
504 _aBibliografías: p. 299-302.
600 1 0 _aRODÓ, JOSÉ ENRIQUE,
_d1871-1917.
_xBIOGRAFÍAS
_916599
650 4 _aLiteratos uruguayos
_xBiografías
_916600
910 _aCatalogación por copia / LC
999 _c5685
_d5685